|
|
|
|
| LEADER |
00000cam a2200000 7i4500 |
| 001 |
0000111089 |
| 005 |
20070912.0 |
| 020 |
|
|
|a 074944634x
|
| 090 |
0 |
0 |
|a 658.3142
|b ARM
|
| 100 |
1 |
|
|a Armstrong, Michael
|
| 245 |
1 |
0 |
|a Strategic reward :
|b making it happen
|c Michael Armstrong and Duncan Brown
|
| 260 |
|
|
|a London :
|b Kogan Page Limited ,
|c 2006
|
| 300 |
|
|
|a 266p. ;
|c 24cm.
|
| 650 |
0 |
0 |
|a Compensation management
|
| 650 |
0 |
0 |
|a Employee motivation
|
| 650 |
0 |
0 |
|a Incentives in industry
|
| 650 |
0 |
0 |
|a Reward (Psychology)
|
| 650 |
0 |
0 |
|a Strategic planning
|
| 700 |
1 |
|
|a Brown, Duncan ,
|c 1960-
|
| 999 |
|
|
|a 00206432
|b BUKU
|c PINJAMAN
|e PERPUSTAKAAN KOMUNITI PETALING JAYA
|